[Event "Commonwealth Open 2019"]
[Site "Delhi"]
[Date "2019.07.03"]
[Round "5.6"]
[White "Shyaamnikhil, P."]
[Black "Deepan, Chakkravarthy J."]
[Result "1/2-1/2"]
[WhiteElo "2434"]
[BlackElo "2557"]
[Annotator "TA"]
[PlyCount "60"]
[EventDate "2019.06.30"]
[EventType "swiss"]
[EventCountry "IND"]
[SourceTitle "playchess.com"]
[Source "ChessBase"]
[SourceQuality "1"]

{[%evp 15,60,19,15,0,12,23,16,7,22,25,45,29,84,39,43,9,20,16,60,55,62,70,65,63,68,73,50,33,38,43,47,23,23,23,20,21,26,25,20,20,20,13,14,7,7,0,0]} 1. e4 e6 2. d4 d5 3. Nc3 {[%cal Bb1c3,Bc3d1,Bd1f2][%mdl 32]} Nf6 4. Bg5 Be7 5. e5 Nfd7 6. Bxe7 Qxe7 7. Qd2 a6 8. Nd1 c5 9. c3 {C14: French: Classical System: 4 Bg5 Be7 main line} Nc6 10. f4 f6 11. Nf3 O-O 12. Nf2 b5 13. Be2 Nb6 (13... f5 $11 {remains equal.}) 14. O-O fxe5 15. Nxe5 Nxe5 16. fxe5 c4 17. Bd1 Bd7 18. Bc2 a5 19. Nh3 Rxf1+ 20. Rxf1 Rf8 21. Rxf8+ Qxf8 22. a3 Nc8 23. Qf4 (23. Nf4 {keeps more tension.} Ne7 24. g3 h6 25. Kg2 Nc6 26. Bb1) 23... Qxf4 24. Nxf4 $11 {[%mdl 4096] Endgame KBN-KBN} h6 25. Kf2 Kf7 26. h4 Na7 27. Ke3 {The position is equal.} Nc6 28. g4 b4 29. axb4 axb4 30. Kd2 b3 {Accuracy: White = 63%, Black = 64%.} 1/2-1/2

[Event "Commonwealth Open 2019"]
[Site "Delhi"]
[Date "2019.07.03"]
[Round "5.7"]
[White "Thipsay, Praveen M"]
[Black "Erigaisi, Arjun"]
[Result "0-1"]
[WhiteElo "2405"]
[BlackElo "2526"]
[Annotator "ChessBase"]
[PlyCount "96"]
[EventDate "2019.06.30"]
[EventType "swiss"]
[EventCountry "IND"]
[SourceTitle "playchess.com"]
[Source "ChessBase"]
[SourceQuality "1"]
[TimeControl "5400+30"]

1. e4 {[%emt 0:00:00]} e6 {[%emt 0:00:18]} 2. d4 {[%emt 0:00:00]} d5 {[%emt 0:00:07]} 3. e5 {[%emt 0:00:09]} c5 {[%emt 0:00:06]} 4. c3 {[%emt 0:00:05]} Nc6 {[%emt 0:00:07]} 5. Nf3 {[%emt 0:00:05]} Qb6 {[%emt 0:00:08]} 6. a3 {[%emt 0:03:24]} Nh6 {[%emt 0:01:11]} 7. b4 {[%emt 0:00:06]} cxd4 {[%emt 0:00:07]} 8. Bxh6 {[%emt 0:00:32]} gxh6 {[%emt 0:00:09]} 9. cxd4 {[%emt 0:00:12]} Bd7 {[%emt 0:00:07]} 10. Ra2 {[%emt 0:02:55]} Rc8 {[%emt 0:01:39]} 11. Be2 {[%emt 0:00:43]} Bg7 {[%emt 0:02:17]} 12. O-O {[%emt 0:19:10]} O-O {[%emt 0:01:17]} 13. Rd2 {[%emt 0:00:52]} a6 {[%emt 0:10:41]} 14. Rd3 {[%emt 0:04:43]} Qd8 {[%emt 0:10:50]} 15. Nc3 {[%emt 0:04:50]} b6 {[%emt 0:16:07]} 16. g3 {[%emt 0:10:19]} f6 {[%emt 0:14:34]} 17. exf6 {[%emt 0:00:08]} Qxf6 {[%emt 0:00:47]} 18. Ne5 {[%emt 0:01:07]} Be8 {[%emt 0:07:59]} 19. f4 {[%emt 0:00:00]} Nxd4 {[%emt 0:02:51]} 20. Rxd4 {[%emt 0:35:53]} Rxc3 {[%emt 0:00:09]} 21. Qa1 {[%emt 0:01:09]} Re3 {[%emt 0:04:22]} 22. Bxa6 {[%emt 0:00:20]} Rxe5 {[%emt 0:05:01]} 23. fxe5 {[%emt 0:00:15]} Qxe5 {[%emt 0:00:04]} 24. Rxf8+ {[%emt 0:00:57]} Kxf8 {[%emt 0:00:05]} 25. Qf1+ {[%emt 0:00:58]} Ke7 {[%emt 0:03:32]} 26. Rd1 {[%emt 0:01:01]} Bh5 {[%emt 0:01:24]} 27. Re1 {[%emt 0:03:03]} Qc3 {[%emt 0:04:06]} 28. Be2 {[%emt 0:06:32]} Bg6 {[%emt 0:00:36]} 29. Bf3 {[%emt 0:00:26]} Kd6 {[%emt 0:00:29]} 30. Rd1 {[%emt 0:00:30]} Qxa3 {[%emt 0:01:12]} 31. b5 {[%emt 0:01:22]} Qe3+ {[%emt 0:03:35]} 32. Kg2 {[%emt 0:01:40]} Bd4 {[%emt 0:03:10]} 33. Rc1 {[%emt 0:01:32]} Bd3 {[%emt 0:01:27]} 34. Qd1 {[%emt 0:00:23]} Bxb5 {[%emt 0:01:49]} 35. Qc2 {[%emt 0:00:36]} Bc4 {[%emt 0:01:03]} 36. Rd1 {[%emt 0:00:48]} e5 {[%emt 0:01:37]} 37. Rc1 {[%emt 0:00:24]} b5 {[%emt 0:00:38]} 38. Bg4 {[%emt 0:00:04]} e4 {[%emt 0:00:28]} 39. Kh3 {[%emt 0:00:28]} Qd3 {[%emt 0:00:58]} 40. Qg2 {[%emt 0:00:04]} b4 {[%emt 0:00:30]} 41. Rd1 {[%emt 0:00:01]} Qe3 {[%emt 0:00:16]} 42. Rf1 {[%emt 0:00:17]} b3 {[%emt 0:01:23]} 43. Rf7 {[%emt 0:00:10]} Qe1 {[%emt 0:00:33]} 44. Kh4 {[%emt 0:00:54]} b2 {[%emt 0:00:45]} 45. Qh3 {[%emt 0:00:04]} Qd2 {[%emt 0:00:23]} 46. Rd7+ {[%emt 0:00:58]} Kc6 {[%emt 0:00:13]} 47. Rxd5 {[%emt 0:00:03]} Bf6+ {[%emt 0:00:11]} 48. Kh5 {[%emt 0:00:03]} Qxd5+ {[%emt 0:00:05]} 0-1

[Event "Commonwealth Open 2019"]
[Site "Delhi"]
[Date "2019.07.03"]
[Round "5.8"]
[White "Swayams, Mishra"]
[Black "Kulkarni, Bhakti"]
[Result "0-1"]
[WhiteElo "2493"]
[BlackElo "2380"]
[Annotator "ChessBase"]
[PlyCount "115"]
[EventDate "2019.06.30"]
[EventType "swiss"]
[EventCountry "IND"]
[SourceTitle "playchess.com"]
[Source "ChessBase"]
[SourceQuality "1"]
[TimeControl "5400+30"]

1. c4 {[%emt 0:00:00]} e6 {[%emt 0:00:09]} 2. Nf3 {[%emt 0:00:00]} d5 {[%emt 0:00:32]} 3. d4 {[%emt 0:00:00]} Nf6 {[%emt 0:00:19]} 4. Nc3 {[%emt 0:00:00]} Be7 {[%emt 0:00:15]} 5. Bg5 {[%emt 0:00:05]} h6 {[%emt 0:00:13]} 6. Bh4 {[%emt 0:00:14]} O-O {[%emt 0:00:23]} 7. e3 {[%emt 0:00:09]} b6 {[%emt 0:00:46]} 8. g4 {[%emt 0:00:21]} Ne4 {[%emt 0:08:43]} 9. Bxe7 {[%emt 0:01:25]} Qxe7 {[%emt 0:00:05]} 10. h4 {[%emt 0:01:15]} g6 {[%emt 0:04:07]} 11. g5 {[%emt 0:08:31]} Nxc3 {[%emt 0:00:52]} 12. bxc3 {[%emt 0:00:05]} h5 {[%emt 0:00:17]} 13. Ne5 {[%emt 0:17:45]} Nd7 {[%emt 0:01:12]} 14. f4 {[%emt 0:00:19]} Ba6 {[%emt 0:07:34]} 15. cxd5 {[%emt 0:11:16]} Bxf1 {[%emt 0:01:12]} 16. Rxf1 {[%emt 0:06:15]} exd5 {[%emt 0:00:39]} 17. Qf3 {[%emt 0:01:40]} Nxe5 {[%emt 0:12:52]} 18. fxe5 {[%emt 0:00:25]} Qa3 {[%emt 0:00:13]} 19. Qxd5 {[%emt 0:04:21]} Qxc3+ {[%emt 0:00:12]} 20. Kf2 {[%emt 0:01:56]} c5 {[%emt 0:07:54]} 21. Rad1 {[%emt 0:05:13]} cxd4 {[%emt 0:00:46]} 22. exd4 {[%emt 0:00:50]} Rac8 {[%emt 0:05:04]} 23. Kg2 {[%emt 0:06:05]} Qc2+ {[%emt 0:07:11]} 24. Kg1 {[%emt 0:00:43]} Qc3 {[%emt 0:00:00]} 25. Kg2 {[%emt 0:00:17]} Qc2+ {[%emt 0:01:00]} 26. Kg1 {[%emt 0:00:43]} Qe2 {[%emt 0:02:49]} 27. Qg2 {[%emt 0:03:29]} Rc2 {[%emt 0:00:38]} 28. Qxe2 {[%emt 0:00:39]} Rxe2 {[%emt 0:00:03]} 29. Rf6 {[%emt 0:16:30]} Re4 {[%emt 0:03:53]} 30. Rd2 {[%emt 0:08:38]} Rxh4 {[%emt 0:02:07]} 31. d5 {[%emt 0:00:49]} Rg4+ {[%emt 0:00:17]} 32. Rg2 {[%emt 0:01:48]} Rd4 {[%emt 0:01:15]} 33. Rd6 {[%emt 0:02:08]} Re8 {[%emt 0:00:33]} 34. e6 {[%emt 0:02:08]} fxe6 {[%emt 0:00:22]} 35. Re2 {[%emt 0:00:01]} Rg4+ {[%emt 0:01:23]} 36. Kh2 {[%emt 0:00:01]} Rxg5 {[%emt 0:00:24]} 37. Rd7 {[%emt 0:00:06]} Rf5 {[%emt 0:02:51]} 38. dxe6 {[%emt 0:00:05]} Kf8 {[%emt 0:01:47]} 39. e7+ {[%emt 0:01:06]} Kf7 {[%emt 0:00:17]} 40. Rxa7 {[%emt 0:00:02]} g5 {[%emt 0:01:26]} 41. Kg3 {[%emt 0:00:14]} Rf4 {[%emt 0:02:06]} 42. Rb7 {[%emt 0:00:21]} Rf6 {[%emt 0:01:57]} 43. Re5 {[%emt 0:01:15]} Kg6 {[%emt 0:00:33]} 44. Rd7 {[%emt 0:00:25]} h4+ {[%emt 0:00:38]} 45. Kg2 {[%emt 0:00:26]} g4 {[%emt 0:03:04]} 46. Rd4 {[%emt 0:00:16]} h3+ {[%emt 0:01:06]} 47. Kg1 {[%emt 0:00:05]} Kf7 {[%emt 0:01:00]} 48. Rxg4 {[%emt 0:00:22]} Rxe7 {[%emt 0:00:18]} 49. Rxe7+ {[%emt 0:00:06]} Kxe7 {[%emt 0:00:06]} 50. Rh4 {[%emt 0:00:02]} Rg6+ {[%emt 0:01:59]} 51. Kh1 {[%emt 0:00:39]} Kd6 {[%emt 0:01:19]} 52. Rxh3 {[%emt 0:00:05]} Kc5 {[%emt 0:00:06]} 53. Rb3 {[%emt 0:02:02]} b5 {[%emt 0:00:42]} 54. a3 {[%emt 0:00:57]} Rg4 {[%emt 0:02:39]} 55. Kh2 {[%emt 0:00:02]} Kb6 {[%emt 0:00:25] Kg2 Rd4 Kf2 Ka5} 56. Rh3 {[%emt 0:00:50] Ka4 Ke1 Rd2 Rh5 Rb2 Kd1 Kxa3 Kc1} b4 {[%emt 0:08:00]} 57. Rh8 {[%emt 0:02:28] Ka2 Ra8+ Kb3 Rb8 Rh2 Rb7 Rh1+ Kd2 Rb1 Rb8 Ka2 Rb7} b3 {[%emt 0:00:00]} 58. Rb8+ {[%emt 0:00:00] Kb2 Rb7 Ra1 Rh7 Ra5 Kd3 Ka2 Rb7 b2 Kc3 b1=Q Kd4} 0-1

[Event "Commonwealth Open 2019"]
[Site "Delhi"]
[Date "2019.07.03"]
[Round "5.9"]
[White "Swapnil, S. Dhopade"]
[Black "Navalgund, Niranjan"]
[Result "1-0"]
[WhiteElo "2488"]
[BlackElo "2326"]
[Annotator "ChessBase"]
[PlyCount "91"]
[EventDate "2019.06.30"]
[EventType "swiss"]
[EventCountry "IND"]
[SourceTitle "playchess.com"]
[Source "ChessBase"]
[SourceQuality "1"]
[TimeControl "5400+30"]

1. Nf3 {[%emt 0:03:31]} Nf6 {[%emt 0:00:00]} 2. g3 {[%emt 0:00:05]} b6 {[%emt 0:00:00]} 3. d4 {[%emt 0:01:34]} c5 {[%emt 0:00:39]} 4. d5 {[%emt 0:04:03]} Bb7 {[%emt 0:00:22]} 5. c4 {[%emt 0:00:49]} b5 {[%emt 0:00:10]} 6. Bg2 {[%emt 0:01:54]} bxc4 {[%emt 0:06:02]} 7. Nc3 {[%emt 0:00:13]} e6 {[%emt 0:20:50]} 8. Ne5 {[%emt 0:01:01]} Qc8 {[%emt 0:11:29]} 9. O-O {[%emt 0:06:12]} Be7 {[%emt 0:04:57]} 10. Nxc4 {[%emt 0:01:42]} exd5 {[%emt 0:03:39]} 11. Nxd5 {[%emt 0:05:54]} Nxd5 {[%emt 0:00:10]} 12. Bxd5 {[%emt 0:00:06]} Bxd5 {[%emt 0:03:28]} 13. Qxd5 {[%emt 0:05:06]} Qc6 {[%emt 0:00:07]} 14. Rd1 {[%emt 0:03:29]} Qxd5 {[%emt 0:07:39]} 15. Rxd5 {[%emt 0:00:07]} Na6 {[%emt 0:08:30]} 16. Bf4 {[%emt 0:09:57]} Nb4 {[%emt 0:04:17]} 17. Nd6+ {[%emt 0:05:29]} Bxd6 {[%emt 0:00:26]} 18. Rxd6 {[%emt 0:00:02]} Ke7 {[%emt 0:08:20]} 19. Rad1 {[%emt 0:01:05]} Rhd8 {[%emt 0:00:23]} 20. a3 {[%emt 0:00:51]} Nc6 {[%emt 0:03:06]} 21. R6d5 {[%emt 0:01:02]} Nd4 {[%emt 0:02:09]} 22. Bd6+ {[%emt 0:03:26]} Ke6 {[%emt 0:00:27]} 23. Rxc5 {[%emt 0:00:27]} Kxd6 {[%emt 0:00:42]} 24. b4 {[%emt 0:00:39]} Ke7 {[%emt 0:02:14]} 25. Rxd4 {[%emt 0:00:05]} Rac8 {[%emt 0:01:53]} 26. Re5+ {[%emt 0:00:23]} Kf8 {[%emt 0:00:25]} 27. Ra5 {[%emt 0:00:05]} Rc7 {[%emt 0:01:16]} 28. Rd6 {[%emt 0:00:11]} Rb8 {[%emt 0:00:01]} 29. Rda6 {[%emt 0:00:34]} Rbb7 {[%emt 0:00:02]} 30. h4 {[%emt 0:00:44]} Ke7 {[%emt 0:01:25]} 31. h5 {[%emt 0:01:20]} h6 {[%emt 0:01:03]} 32. Kg2 {[%emt 0:02:41]} Kf8 {[%emt 0:00:02]} 33. e4 {[%emt 0:02:08]} Ke7 {[%emt 0:00:03]} 34. g4 {[%emt 0:02:55]} Kf8 {[%emt 0:04:43]} 35. Kg3 {[%emt 0:01:12]} Rc3+ {[%emt 0:00:06]} 36. f3 {[%emt 0:00:19]} Rcc7 {[%emt 0:00:06]} 37. Kf4 {[%emt 0:01:44]} Ke7 {[%emt 0:00:04]} 38. Ke3 {[%emt 0:00:56]} Rc3+ {[%emt 0:00:11]} 39. Ke2 {[%emt 0:02:28]} Rbc7 {[%emt 0:00:46]} 40. Rxa7 {[%emt 0:02:45]} Rc2+ {[%emt 0:00:25]} 41. Ke3 {[%emt 0:00:02]} R7c3+ {[%emt 0:00:20]} 42. Kf4 {[%emt 0:00:15]} Rf2 {[%emt 0:00:58]} 43. Re5+ {[%emt 0:00:07]} Kd8 {[%emt 0:01:11]} 44. Ra8+ {[%emt 0:00:05]} Kc7 {[%emt 0:00:09]} 45. Rc5+ {[%emt 0:00:03]} Rxc5 {[%emt 0:00:17]} 46. bxc5 {[%emt 0:00:01]} 1-0

[Event "Commonwealth Open 2019"]
[Site "Delhi"]
[Date "2019.07.03"]
[Round "5.10"]
[White "Nitin, S.."]
[Black "Krishna, C R G"]
[Result "1-0"]
[WhiteElo "2398"]
[BlackElo "2481"]
[Annotator "ChessBase"]
[PlyCount "133"]
[EventDate "2019.06.30"]
[EventType "swiss"]
[EventCountry "IND"]
[SourceTitle "playchess.com"]
[Source "ChessBase"]
[SourceQuality "1"]
[TimeControl "5400+30"]

1. Nf3 {[%emt 0:00:06]} d5 {[%emt 0:00:59]} 2. g3 {[%emt 0:00:34]} c6 {[%emt 0:02:20]} 3. Bg2 {[%emt 0:00:21]} Bg4 {[%emt 0:00:07]} 4. O-O {[%emt 0:00:59]} Nd7 {[%emt 0:00:06]} 5. d3 {[%emt 0:00:26]} e6 {[%emt 0:00:09]} 6. Nbd2 {[%emt 0:01:53]} Bd6 {[%emt 0:00:09]} 7. Qe1 {[%emt 0:00:44]} Ne7 {[%emt 0:01:34]} 8. e4 {[%emt 0:04:21]} O-O {[%emt 0:04:31]} 9. h3 {[%emt 0:00:11]} Bh5 {[%emt 0:02:00]} 10. d4 {[%emt 0:09:30]} c5 {[%emt 0:07:12]} 11. e5 {[%emt 0:06:31]} Bc7 {[%emt 0:00:32]} 12. c3 {[%emt 0:00:09]} Nc6 {[%emt 0:14:26]} 13. Nb3 {[%emt 0:01:09]} cxd4 {[%emt 0:01:10]} 14. cxd4 {[%emt 0:00:34]} a5 {[%emt 0:00:36]} 15. a4 {[%emt 0:06:35]} Qb8 {[%emt 0:34:43]} 16. Qe2 {[%emt 0:03:50]} Qa7 {[%emt 0:04:45]} 17. Be3 {[%emt 0:00:31]} Qb6 {[%emt 0:01:36]} 18. Nbd2 {[%emt 0:14:06]} Bd8 {[%emt 0:02:00]} 19. Qe1 {[%emt 0:00:00]} Bc7 {[%emt 0:00:00]} 20. Qe2 {[%emt 0:01:00]} Bd8 {[%emt 0:01:00]} 21. Rfc1 {[%emt 0:04:24]} Be7 {[%emt 0:02:13]} 22. Qb5 {[%emt 0:01:15]} Rfc8 {[%emt 0:01:13]} 23. Bf1 {[%emt 0:01:15]} Rc7 {[%emt 0:03:56]} 24. Ne1 {[%emt 0:02:29]} Rac8 {[%emt 0:04:44]} 25. Nb3 {[%emt 0:01:02]} Bg6 {[%emt 0:06:23]} 26. f4 {[%emt 0:07:12]} Bb4 {[%emt 0:02:09]} 27. Nd3 {[%emt 0:01:16]} Bxd3 {[%emt 0:00:29]} 28. Qxd3 {[%emt 0:02:21]} Ne7 {[%emt 0:00:08]} 29. Bf2 {[%emt 0:02:36]} Rxc1 {[%emt 0:00:38]} 30. Rxc1 {[%emt 0:00:11]} Rxc1 {[%emt 0:01:16]} 31. Nxc1 {[%emt 0:00:02]} Qc6 {[%emt 0:01:53]} 32. Qd1 {[%emt 0:00:02]} Nb6 {[%emt 0:00:30]} 33. Bb5 {[%emt 0:00:15]} Qc7 {[%emt 0:00:09]} 34. Nd3 {[%emt 0:00:19]} Nec8 {[%emt 0:00:53]} 35. Nxb4 {[%emt 0:06:38]} axb4 {[%emt 0:00:01]} 36. Be1 {[%emt 0:00:27]} Na7 {[%emt 0:00:15]} 37. Bd3 {[%emt 0:00:25]} Nc6 {[%emt 0:00:27]} 38. Qc2 {[%emt 0:04:47]} b3 {[%emt 0:00:10]} 39. Qxb3 {[%emt 0:00:59]} Nxd4 {[%emt 0:00:11]} 40. Qc3 {[%emt 0:00:23]} Qxc3 {[%emt 0:01:44]} 41. Bxc3 {[%emt 0:00:09]} Nc6 {[%emt 0:00:06]} 42. b3 {[%emt 0:02:33]} Kf8 {[%emt 0:01:05]} 43. Kf2 {[%emt 0:00:30]} h6 {[%emt 0:00:19]} 44. Bb5 {[%emt 0:00:40]} Nd7 {[%emt 0:00:42]} 45. b4 {[%emt 0:03:22]} Ke8 {[%emt 0:00:25]} 46. a5 {[%emt 0:00:26]} Ncb8 {[%emt 0:00:34]} 47. Be2 {[%emt 0:01:36]} Kd8 {[%emt 0:00:26]} 48. b5 {[%emt 0:00:23]} Nc5 {[%emt 0:00:26]} 49. Bd4 {[%emt 0:00:08]} Nbd7 {[%emt 0:00:39]} 50. Bd1 {[%emt 0:05:04]} b6 {[%emt 0:00:29]} 51. a6 {[%emt 0:01:03]} Kc7 {[%emt 0:00:02]} 52. Bc2 {[%emt 0:00:17]} Nf8 {[%emt 0:00:47]} 53. g4 {[%emt 0:01:39]} Ncd7 {[%emt 0:00:20]} 54. h4 {[%emt 0:00:42]} Nc5 {[%emt 0:00:50]} 55. Kg3 {[%emt 0:01:00]} Nfd7 {[%emt 0:00:31]} 56. h5 {[%emt 0:01:16]} Nf8 {[%emt 0:00:25]} 57. g5 {[%emt 0:01:59]} Ncd7 {[%emt 0:00:36]} 58. Kh4 {[%emt 0:00:41]} Nc5 {[%emt 0:00:11]} 59. gxh6 {[%emt 0:01:09]} gxh6 {[%emt 0:00:02]} 60. Be3 {[%emt 0:00:26]} Ne4 {[%emt 0:01:16]} 61. Bxe4 {[%emt 0:01:25]} dxe4 {[%emt 0:00:02]} 62. f5 {[%emt 0:00:22]} exf5 {[%emt 0:00:47]} 63. Bxh6 {[%emt 0:00:10]} Ne6 {[%emt 0:00:03]} 64. Kg3 {[%emt 0:00:54]} Kb8 {[%emt 0:00:11]} 65. Be3 {[%emt 0:00:24]} Ka7 {[%emt 0:00:05]} 66. h6 {[%emt 0:00:29]} Nf8 {[%emt 0:00:06]} 67. Kf4 {[%emt 0:00:25]} 1-0

[Event "Commonwealth Open 2019"]
[Site "Delhi"]
[Date "2019.07.03"]
[Round "5.11"]
[White "Kunte, Abhijit"]
[Black "Bhambure, Shantanu"]
[Result "1/2-1/2"]
[WhiteElo "2478"]
[BlackElo "2248"]
[Annotator "ChessBase"]
[PlyCount "60"]
[EventDate "2019.06.30"]
[EventType "swiss"]
[EventCountry "IND"]
[SourceTitle "playchess.com"]
[Source "ChessBase"]
[SourceQuality "1"]
[TimeControl "5400+30"]

1. Nf3 {[%emt 0:17:31]} Nf6 {[%emt 0:00:00]} 2. g3 {[%emt 0:00:55]} d5 {[%emt 0:00:54]} 3. Bg2 {[%emt 0:01:33]} e6 {[%emt 0:00:47]} 4. O-O {[%emt 0:01:04]} c5 {[%emt 0:00:15]} 5. c4 {[%emt 0:00:22]} dxc4 {[%emt 0:00:31]} 6. Na3 {[%emt 0:00:33]} Nc6 {[%emt 0:00:35]} 7. Nxc4 {[%emt 0:00:16]} Be7 {[%emt 0:00:29]} 8. b3 {[%emt 0:00:30]} O-O {[%emt 0:00:19]} 9. Bb2 {[%emt 0:00:09]} Qc7 {[%emt 0:00:24]} 10. Rc1 {[%emt 0:01:34]} Rd8 {[%emt 0:07:02]} 11. Nfe5 {[%emt 0:01:51]} Bd7 {[%emt 0:01:35]} 12. a4 {[%emt 0:00:12]} Rac8 {[%emt 0:03:52]} 13. e3 {[%emt 0:00:13]} Be8 {[%emt 0:05:21]} 14. g4 {[%emt 0:12:21]} Nd5 {[%emt 0:05:10]} 15. f4 {[%emt 0:00:10]} f6 {[%emt 0:12:07]} 16. Nxc6 {[%emt 0:20:51]} Bxc6 {[%emt 0:00:45]} 17. g5 {[%emt 0:00:10]} Nb4 {[%emt 0:12:27]} 18. gxf6 {[%emt 0:02:32]} Bxf6 {[%emt 0:01:28]} 19. Bxc6 {[%emt 0:10:06]} Qxc6 {[%emt 0:03:31]} 20. Bxf6 {[%emt 0:06:53]} gxf6 {[%emt 0:00:10]} 21. Qf3 {[%emt 0:01:49]} Qxf3 {[%emt 0:09:39]} 22. Rxf3 {[%emt 0:00:05]} Rd3 {[%emt 0:02:05]} 23. Rb1 {[%emt 0:01:08]} Kf7 {[%emt 0:03:26]} 24. Kf2 {[%emt 0:00:11]} Rg8 {[%emt 0:01:09]} 25. Rg3 {[%emt 0:00:40]} Rg6 {[%emt 0:01:34]} 26. Ke2 {[%emt 0:00:54]} Kg7 {[%emt 0:04:47]} 27. Na5 {[%emt 0:04:35]} Rd7 {[%emt 0:01:17]} 28. Nc4 {[%emt 0:00:05]} Rd3 {[%emt 0:00:26]} 29. Na5 {[%emt 0:04:07]} Rd7 {[%emt 0:00:05]} 30. Nc4 {[%emt 0:00:04]} Rd3 1/2-1/2

[Event "Commonwealth Open 2019"]
[Site "Delhi"]
[Date "2019.07.03"]
[Round "5.12"]
[White "Wagh, Suyog"]
[Black "Thejkumar, M. S."]
[Result "1/2-1/2"]
[WhiteElo "2250"]
[BlackElo "2458"]
[Annotator "ChessBase"]
[PlyCount "80"]
[EventDate "2019.06.30"]
[EventType "swiss"]
[EventCountry "IND"]
[SourceTitle "playchess.com"]
[Source "ChessBase"]
[SourceQuality "1"]
[TimeControl "5400+30"]

1. Nf3 {[%emt 0:01:19]} d5 {[%emt 0:00:00]} 2. g3 {[%emt 0:07:10]} Nf6 {[%emt 0:03:48]} 3. Bg2 {[%emt 0:00:25]} Bf5 {[%emt 0:00:30]} 4. O-O {[%emt 0:05:57]} e6 {[%emt 0:00:36]} 5. d3 {[%emt 0:00:19]} h6 {[%emt 0:00:36]} 6. c4 {[%emt 0:01:33]} c6 {[%emt 0:00:26]} 7. b3 {[%emt 0:01:06]} Be7 {[%emt 0:01:46]} 8. Nbd2 {[%emt 0:02:12]} O-O {[%emt 0:01:40]} 9. Bb2 {[%emt 0:00:04]} a5 {[%emt 0:01:55]} 10. a3 {[%emt 0:00:04]} Nbd7 {[%emt 0:01:06]} 11. Ra2 {[%emt 0:03:21]} Bh7 {[%emt 0:07:56]} 12. Qa1 {[%emt 0:02:13]} Re8 {[%emt 0:02:25]} 13. Ne5 {[%emt 0:03:29]} Nc5 {[%emt 0:14:03]} 14. Bc3 {[%emt 0:11:14]} Bf8 {[%emt 0:05:41]} 15. Rc2 {[%emt 0:12:02]} Nfd7 {[%emt 0:09:26]} 16. Rcc1 {[%emt 0:05:26]} Nxe5 {[%emt 0:08:55]} 17. Bxe5 {[%emt 0:00:21]} f6 {[%emt 0:02:56]} 18. Bb2 {[%emt 0:12:53]} Kh8 {[%emt 0:07:13]} 19. d4 {[%emt 0:05:37]} Ne4 {[%emt 0:00:18]} 20. Nxe4 {[%emt 0:00:19]} dxe4 {[%emt 0:01:54]} 21. Bc3 {[%emt 0:02:43]} Qe7 {[%emt 0:06:45]} 22. c5 {[%emt 0:04:32]} Qd7 {[%emt 0:04:51]} 23. Qb2 {[%emt 0:00:44]} Be7 {[%emt 0:02:40]} 24. b4 {[%emt 0:03:51]} Bd8 {[%emt 0:02:38]} 25. bxa5 {[%emt 0:02:39]} Bxa5 {[%emt 0:00:11]} 26. Bxa5 Rxa5 {[%emt 0:00:06]} 27. e3 {[%emt 0:01:26]} e5 {[%emt 0:05:07]} 28. Rfd1 {[%emt 0:01:58]} exd4 {[%emt 0:00:21]} 29. Rxd4 {[%emt 0:00:48]} Qe7 {[%emt 0:00:06]} 30. Rb4 {[%emt 0:01:32]} Rxc5 {[%emt 0:02:18]} 31. Rxc5 {[%emt 0:00:14]} Qxc5 {[%emt 0:00:11]} 32. Rxb7 {[%emt 0:00:06]} Bg8 {[%emt 0:00:28]} 33. h3 {[%emt 0:02:36]} Qd6 {[%emt 0:03:25]} 34. Kh2 Bd5 {[%emt 0:01:54]} 35. Rb4 {[%emt 0:02:53]} c5 {[%emt 0:00:52]} 36. Rb5 {[%emt 0:00:43]} Bc4 {[%emt 0:01:04]} 37. Rb6 {[%emt 0:00:55]} Qc7 {[%emt 0:00:13]} 38. Rb7 {[%emt 0:00:40]} Qd6 {[%emt 0:00:20]} 39. Rb6 {[%emt 0:00:19]} Qc7 {[%emt 0:00:28]} 40. Rb7 {[%emt 0:00:07]} Qd6 {[%emt 0:00:27]} 1/2-1/2

[Event "Commonwealth Open 2019"]
[Site "Delhi"]
[Date "2019.07.03"]
[Round "5.13"]
[White "Ajay Karthikeyan"]
[Black "Jubin Jimmy"]
[Result "1-0"]
[WhiteElo "2216"]
[BlackElo "2219"]
[Annotator "NA"]
[PlyCount "105"]
[EventDate "2019.06.30"]
[EventType "swiss"]
[EventCountry "IND"]
[SourceTitle "playchess.com"]
[Source "ChessBase"]
[SourceQuality "1"]
[TimeControl "5400+30"]

1. d4 {[%emt 0:03:51]} Nf6 {[%emt 0:00:00]} 2. Bf4 {[%emt 0:00:41]} e6 {[%emt 0:00:00]} 3. e3 {[%emt 0:01:03]} d5 {[%emt 0:00:00]} 4. Nf3 {[%emt 0:00:23]} c5 {[%emt 0:01:12]} 5. c3 {[%emt 0:00:07]} Bd6 {[%emt 0:00:15]} 6. Bg3 {[%emt 0:00:10]} O-O {[%emt 0:00:11]} 7. Nbd2 {[%emt 0:00:21]} Qc7 {[%emt 0:00:13]} 8. dxc5 {[%emt 0:00:35]} Qxc5 {[%emt 0:00:16]} 9. Bd3 {[%emt 0:00:20]} Qc7 {[%emt 0:03:20]} 10. O-O {[%emt 0:01:26]} Bxg3 {[%emt 0:06:01]} 11. hxg3 {[%emt 0:00:10]} Nbd7 {[%emt 0:04:52]} 12. e4 {[%emt 0:04:16]} dxe4 {[%emt 0:01:27]} 13. Nxe4 Nxe4 {[%emt 0:00:17]} 14. Bxe4 {[%emt 0:05:25]} Nf6 {[%emt 0:00:14]} 15. Qe2 {[%emt 0:01:56]} Bd7 16. Ne5 {[%emt 0:02:57]} Rfd8 {[%emt 0:07:01]} 17. Bc2 {[%emt 0:10:20]} Bc6 {[%emt 0:03:40]} 18. Rfd1 {[%emt 0:02:42]} h6 {[%emt 0:04:12]} 19. Qe3 {[%emt 0:17:15]} Nd5 {[%emt 0:05:39]} 20. Qd4 {[%emt 0:02:32]} a6 {[%emt 0:12:21]} 21. Nxc6 {[%emt 0:05:04]} Qxc6 {[%emt 0:16:16]} 22. Qd3 {[%emt 0:10:47]} g6 {[%emt 0:03:06]} 23. Qd2 {[%emt 0:04:17]} Kg7 {[%emt 0:02:45]} 24. Qd4+ {[%emt 0:00:08]} Nf6 {[%emt 0:01:05]} 25. Qe5 {[%emt 0:00:54]} Qb6 {[%emt 0:02:12]} 26. c4 {[%emt 0:07:12]} Rxd1+ {[%emt 0:04:04]} 27. Rxd1 {[%emt 0:00:06]} Rd8 {[%emt 0:00:05]} 28. c5 {[%emt 0:01:57]} Rxd1+ {[%emt 0:00:17]} 29. Bxd1 {[%emt 0:00:01]} Qb4 {[%emt 0:05:51]} 30. Bf3 {[%emt 0:01:39]} g5 {[%emt 0:01:26]} 31. a3 {[%emt 0:01:22]} Qd2 {[%emt 0:01:06]} 32. g4 {[%emt 0:06:54]} Kg6 {[%emt 0:03:45]} 33. g3 {[%emt 0:00:55]} Qd7 {[%emt 0:04:15]} 34. Kg2 {[%emt 0:01:55]} Kg7 {[%emt 0:02:04]} 35. b4 {[%emt 0:02:12]} Qe7 {[%emt 0:01:10]} 36. a4 {[%emt 0:02:45]} Qd7 {[%emt 0:02:04]} 37. a5 {[%emt 0:01:54]} Qb5 {[%emt 0:00:48]} 38. Qc3 {[%emt 0:00:46]} Kg6 {[%emt 0:01:04]} 39. c6 {[%emt 0:00:45]} bxc6 {[%emt 0:00:14]} 40. Bxc6 {[%emt 0:00:05]} Qb8 {[%emt 0:00:10]} 41. Qd3+ {[%emt 0:01:44]} Kg7 {[%emt 0:00:06]} 42. Qxa6 {[%emt 0:00:31]} Qxb4 {[%emt 0:00:40]} 43. Qb6 {[%emt 0:00:21]} Qc4 {[%emt 0:01:39]} 44. a6 {[%emt 0:00:33]} Nd5 {[%emt 0:00:38]} 45. Bxd5 {[%emt 0:00:12]} Qxd5+ {[%emt 0:00:16]} 46. Kh2 {[%emt 0:00:08]} e5 {[%emt 0:03:27]} 47. a7 {[%emt 0:00:08]} Qf3 {[%emt 0:00:05]} 48. Qe3 {[%emt 0:00:52]} Qd5 {[%emt 0:00:03]} 49. Qa3 {[%emt 0:00:07]} Qa8 {[%emt 0:00:05]} 50. Qa6 {[%emt 0:00:18]} h5 {[%emt 0:01:50]} 51. gxh5 {[%emt 0:00:21]} e4 {[%emt 0:00:20]} 52. h6+ {[%emt 0:00:14]} Kh7 {[%emt 0:00:04]} 53. Qf6 {[%emt 0:00:06]} 1-0